BIBLIOTECA PODER JUDICIAL
Portal Judicial TDF

Mil veces la misma piedra. La importancia de la denuncia de venta del automotot / (Registro nro. 5633)

000 -LEADER
fixed length control field 01265nab a22002537a 4500
003 - CONTROL NUMBER IDENTIFIER
control field OSt
005 - DATE AND TIME OF LATEST TRANSACTION
control field 20251224095148.0
008 - FIXED-LENGTH DATA ELEMENTS--GENERAL INFORMATION
fixed length control field 190603e xxum|||| |||| 00| 0 spa d
040 ## - CATALOGING SOURCE
Transcribing agency PJ
100 ## - MAIN ENTRY--PERSONAL NAME
9 (RLIN) 6017
Personal name Alejandro Sydiaha
245 10 - TITLE STATEMENT
Title Mil veces la misma piedra. La importancia de la denuncia de venta del automotot /
Statement of responsibility, etc Alejandro Sydiaha.
260 ## - PUBLICATION, DISTRIBUTION, ETC. (IMPRINT)
Date of publication, distribution, etc Ciudad Autónoma de Buenos Aires :
Place of publication, distribution, etc Thomson Reuters La Ley,
Name of publisher, distributor, etc 2025.
300 ## - PHYSICAL DESCRIPTION
Extent p. 207-211
500 ## - GENERAL NOTE
General note Cita Online: TR LALEY AR/DOC/59/2025<br/>
505 ## - FORMATTED CONTENTS NOTE
Formatted contents note Sumario: I. Inicio.— II. La misma piedra.— III. Incomprensión de la norma.— IV. La denuncia de venta. La doctrina de la CS en los fallos "Seoane" y "Camargo".— V. Cierre.
505 ## - FORMATTED CONTENTS NOTE
Title Fallo comentado: SC Buenos Aires ~ 09/08/2024 ~ V., W. O. y otro c. Nadal Renzo, Luján y otro s/ daños y perjuicios.
505 ## - FORMATTED CONTENTS NOTE
Title ¿Te interesa el texto completo? Solicitalo al correo: koha@justierradelfuego.gov.ar<br/>
650 #0 - SUBJECT ADDED ENTRY--TOPICAL TERM
9 (RLIN) 2282
Topical term or geographic name as entry element AUTOMOTORES
650 #0 - SUBJECT ADDED ENTRY--TOPICAL TERM
9 (RLIN) 1467
Topical term or geographic name as entry element RESPONSABILIDAD CIVIL
650 #0 - SUBJECT ADDED ENTRY--TOPICAL TERM
9 (RLIN) 2823
Topical term or geographic name as entry element DAÑOS Y PERJUICIOS
650 #0 - SUBJECT ADDED ENTRY--TOPICAL TERM
9 (RLIN) 3889
Topical term or geographic name as entry element LEGITIMACION PASIVA
773 0# - HOST ITEM ENTRY
Host Biblionumber 2713
Host Itemnumber 3170
Place, publisher, and date of publication Ciudad Autónoma de Buenos Aires : Thomson Reuters La Ley, 2015-
Title Revista Código Civil y Comercial. Nº 2 - Abril 2025
942 ## - ADDED ENTRY ELEMENTS (KOHA)
Source of classification or shelving scheme
Koha item type Analítica Artículo de Revista

No hay ítems disponibles.

12 de Octubre 789 Ushuaia - Tel:  54(02901)441571
Horario de Atención: 8.00 a 17.00 hs. 
bibliotecaush@justierradelfuego.gov.ar
koha@justierradelfuego.gov.ar
Seguinos en nuestras redes @bibliojustdf 

Con tecnología Koha